000
00331nam a22001457a 4500
008
230208b ||||| |||| 00| 0 eng d
020
_a
9780314910813
041
_a
eng
080
_2
FOURTH EDITION
_a
34
082
_a
34ABR
100
_a
30
101
_a
JUREDIK
245
_a
CRIMINAL PROCEDURE
_c
ABRAMSON.W.L
942
_2
udc
_c
BK
999
_c
59346
_d
59346